[Event "N4A4  Tarbes - Muret"]
[Site "?"]
[Date "2004.01.18"]
[Round "4.6"]
[White "Camilleri, Hervé"]
[Black "Martinez, Benito"]
[Result "1-0"]
[WhiteElo "1790"]
[BlackElo "1760"]
[EventDate "2004.??.??"]
[PlyCount "67"]

1.e4 e5 2.Nc3 Nc6 3.Nf3 d6 4.Bc4 Be7 5.h3 Nf6 6.d4 O-O 7.O-O a6 8.dxe5 
Nxe5 9.Nxe5 dxe5 10.Bg5 Be6 11.Bxe6 fxe6 12.Qe2 Qe8 13.Qc4 Bd6 14.Rfe1 h6 
15.Bh4 Nh5 16.Bg3 Qg6 17.Kh2 Kh8 18.Nd1 Rf7 19.Ne3 Raf8 20.Bh4 Rf4 21.Ng4 
b5 22.Qe2 Kh7 23.f3 Qf7 24.Bf2 Nf6 25.Rh1 Nxe4 26.fxe4 Rxf2 27.Qxf2 Qxf2 
28.Nxf2 Rxf2 29.Rac1 Bc5 30.Rhe1 Kg6 31.Kg3 Rd2 32.Red1 Re2 33.b3 Ba3 34.
Kf3 {suite illisible} 1-0

[Event "N4A4  Tarbes - Muret"]
[Site "?"]
[Date "2004.01.18"]
[Round "4.5"]
[White "Phalippou, Philippe"]
[Black "Pastorelli, Loïc"]
[Result "0-1"]
[WhiteElo "1790"]
[BlackElo "1890"]
[EventDate "2004.??.??"]
[PlyCount "92"]

1.c4 Nf6 2.Nc3 g6 3.b4 a5 4.b5 b6 5.a4 c5 6.Bb2 d6 7.Nd5 e5 8.Nxf6+ Qxf6 
9.e4 Bh6 10.Qf3 Qe7 11.Qd3 Bb7 12.Be2 Nd7 13.Nh3 O-O-O 14.Bg4 Kb8 15.Bxd7 
Qxd7 16.f3 f5 17.Nf2 Bg7 18.O-O-O h5 19.h4 Rhf8 20.Qe3 Qf7 21.d3 Rd7 22.
Kc2 Kc7 23.Rhf1 Rh8 24.Nh3 Bh6 25.Qe2 Re8 26.g4 Qe7 27.g5 Bg7 28.exf5 gxf5
29.Rde1 e4 30.Bxg7 Qxg7 31.Nf4 Rde7 32.Nxh5 Qd4 33.fxe4 fxe4 34.Kb3 Rh8 
35.Rf4 Rxh5 36.Rxe4 Rxe4 37.dxe4 Rxh4 38.Qf3 Rh2 39.Re2 Rxe2 40.Qxe2 Qxe4 
41.Qh5 Qe3+ 42.Kb2 Qd2+ 43.Ka1 Qc1+ 44.Ka2 Qxc4+ 45.Kb2 Qb4+ 46.Kc1 Qc3+ 
0-1

[Event "N4A4  Tarbes - Muret"]
[Site "?"]
[Date "2004.01.18"]
[Round "4.4"]
[White "Partinico, Jeremy"]
[Black "Delage, Laurent"]
[Result "1-0"]
[WhiteElo "1880"]
[BlackElo "1870"]
[EventDate "2004.??.??"]
[PlyCount "81"]

1.e4 c5 2.Nf3 d6 3.Bb5+ Bd7 4.Bxd7+ Qxd7 5.c4 Nc6 6.Nc3 Nf6 7.d4 cxd4 8.
Nxd4 g6 9.O-O Bg7 10.Nde2 O-O 11.f3 a5 12.Be3 Ne5 13.b3 Ne8 14.Nd5 Ra6 15.
Rc1 e6 16.Ndc3 f5 17.exf5 gxf5 18.Qd2 Rf6 19.Bd4 Rg6 20.Nf4 Rh6 21.Rce1 
Qe7 22.Nh3 Qh4 23.Be3 Rg6 24.Nf4 Rh6 25.Nh3 Rg6 26.Nf4 Rh6 27.g3 Qf6 28.
Nb5 a4 29.Ng2 Rg6 30.Nf4 Rh6 31.Ng2 Rg6 32.Kh1 axb3 33.axb3 Bh6 34.Nf4 
Bxf4 35.Bxf4 Nf7 36.Be3 h5 37.Rg1 Ng5 38.Bxg5 Qxg5 39.Qxg5 Rxg5 40.Rxe6 
Kf7 41.Rge1 1-0

[Event "N4A4  Tarbes - Muret"]
[Site "?"]
[Date "2004.01.18"]
[Round "4.3"]
[White "Langlois, Jérôme"]
[Black "Luneau, Gilles"]
[Result "1-0"]
[WhiteElo "1850"]
[BlackElo "1985"]
[EventDate "2004.??.??"]
[PlyCount "115"]

1.e4 c5 2.Nf3 e6 3.Nc3 a6 4.d4 cxd4 5.Nxd4 b5 6.Bd3 Qb6 7.Be3 Bc5 8.Nce2 
Nf6 9.c3 Nc6 10.b4 Bxd4 11.Nxd4 Qd8 12.Nxc6 dxc6 13.Bc5 Qc7 14.Bc2 Qe5 15.
O-O Bb7 16.Qf3 Rd8 17.Rad1 Nd7 18.Bd6 Qf6 19.Qg3 Qg6 20.Qf4 Qf6 21.Qg3 Qg6
22.Qe3 Ra8 23.Rd2 Qh6 24.Bf4 Qf6 25.Rfd1 Bc8 26.Rd6 h6 27.Qd2 Qe7 28.Rxc6 
e5 29.Be3 O-O 30.Rc7 Rd8 31.Bb3 Rb8 32.Bd5 Qe8 33.Bc6 Kh7 34.Bxd7 Bxd7 35.
Rxd7 Rxd7 36.Qxd7 Qxd7 37.Rxd7 f6 38.Kf1 Rc8 39.Bc5 Kg6 40.Ke2 Ra8 41.Kd3 
Rc8 42.c4 bxc4+ 43.Kxc4 Rb8 44.a4 Ra8 45.Ra7 Rd8 46.Rxa6 Rd1 47.b5 Re1 48.
Be3 Re2 49.b6 Rc2+ 50.Kb3 Rc8 51.b7 Rb8 52.Rb6 h5 53.a5 h4 54.a6 h3 55.g3 
Rd8 56.b8=Q Rd1 57.Qe8+ Kh7 58.Qh5+ 1-0

[Event "N4A4  Tarbes - Muret"]
[Site "?"]
[Date "2004.01.18"]
[Round "4.2"]
[White "Carpentier, Jean-Christophe"]
[Black "Varmot, Jean-Jacques"]
[Result "1-0"]
[WhiteElo "2087"]
[BlackElo "1880"]
[EventDate "2004.??.??"]
[PlyCount "125"]

1.e4 c5 2.Nf3 d6 3.d4 cxd4 4.Nxd4 a6 5.Be3 Nf6 6.Nc3 g6 7.f3 Bg7 8.Qd2 Nc6
9.O-O-O O-O 10.h4 h5 11.Bc4 Bd7 12.Kb1 Rc8 13.Bb3 Ne5 14.Bg5 Nc4 15.Qd3 b5
16.g4 hxg4 17.h5 Nh7 18.Bc1 g5 19.Rdg1 Qb6 20.Nce2 Ne5 21.Qe3 Nxf3 22.Nxf3
Qxe3 23.Bxe3 gxf3 24.Nd4 Bxd4 25.Bxd4 e5 26.Be3 g4 27.Rd1 Bc6 28.Rhg1 Bxe4
29.Rxg4+ Kh8 30.Rxe4 Nf6 31.Rh4 d5 32.h6 Rg8 33.Rh3 d4 34.Bf2 Rg2 35.Rxf3 
Ng4 36.Bg1 f6 37.Rfd3 Kh7 38.Be6 Rcxc2 39.Bf5+ Kh8 40.Rb3 Rcd2 41.Rxd2 
Rxd2 42.Bxg4 Rg2 43.Bxd4 Rxg4 44.Bc5 e4 45.Kc1 Kh7 46.Bf8 Rg2 47.Rc3 Kg6 
48.Rc7 Kf5 49.Rg7 Rh2 50.Rg3 Ke5 51.Bg7 Kf5 52.Rg1 e3 53.a3 Ke4 54.b4 f5 
55.Rd1 Kf3 56.Rf1+ Rf2 57.Rh1 e2 58.Kd2 Rf1 59.Rh3+ Kg2 60.Kxe2 Rf2+ 61.
Ke3 f4+ 62.Ke4 Kxh3 63.h7 1-0

[Event "N4A4  Tarbes - Muret"]
[Site "?"]
[Date "2004.01.18"]
[Round "4.1"]
[White "Rich, Philippe"]
[Black "Bouthier, Jacques"]
[Result "0-1"]
[WhiteElo "1930"]
[BlackElo "2011"]
[EventDate "2004.??.??"]
[PlyCount "62"]

1.d4 d5 2.c4 c6 3.Nf3 e6 4.Nc3 dxc4 5.a4 Bb4 6.Bd2 a5 7.e3 b5 8.axb5 Bxc3 
9.Bxc3 cxb5 10.b3 Bb7 11.bxc4 b4 12.Bb2 Nf6 13.Bd3 Nbd7 14.O-O O-O 15.Qc2 
Qe7 16.e4 e5 17.dxe5 Ng4 18.Nd4 Qxe5 19.g3 Qh5 20.h4 Nde5 21.Be2 Qg6 22.
Nf5 Rfe8 23.f3 Nh6 24.Nxh6+ Qxh6 25.f4 Qg6 26.Bxe5 Qxg3+ 27.Kh1 Qxh4+ 28.
Kg1 Qg3+ 29.Kh1 Re6 30.Bxg7 Qh3+ 31.Kg1 Rg6+ 0-1

[Event "D4R4-Ceit/Colomiers"]
[Site "Ceit"]
[Date "2004.01.18"]
[Round "4.7"]
[White "Mendi, Eduardo"]
[Black "Amblard, Philippe"]
[Result "1-0"]
[WhiteElo "1499"]
[BlackElo "1499"]
[EventDate "2004.??.??"]
[PlyCount "95"]

1.d4 d5 2.c4 c6 3.Nc3 Nf6 4.Bg5 a6 5.e3 e6 6.Nf3 Be7 7.cxd5 exd5 8.Bd3 Bg4
9.h3 Bh5 10.Be2 Nbd7 11.O-O O-O 12.Nh4 Bxe2 13.Qxe2 Ne4 14.Nxe4 Bxg5 15.
Nxg5 Qxg5 16.Qg4 Qxg4 17.hxg4 g6 18.g5 b5 19.Rac1 Rac8 20.Rc2 Rc7 21.Rfc1 
Rfc8 22.Nf3 c5 23.Ne1 c4 24.Kf1 Re8 25.Nd3 a5 26.b4 Ra7 27.Nf4 Nb6 28.Rb1 
a4 29.Ne2 Rb7 30.Nc3 Reb8 31.a3 Re8 32.Nxb5 Re6 33.Nc3 f6 34.gxf6 Rxf6 35.
Ke2 h5 36.Rh1 Rbf7 37.Ke1 Kg7 38.f3 Re7 39.Re2 Rd6 40.Kd2 Kh6 41.g4 Rh7 
42.gxh5 gxh5 43.Reh2 Kg5 44.f4+ Kg4 45.Rg1+ Kf3 46.Rh3+ Kf2 47.Rgg3 h4 48.
Nd1+ 1-0

[Event "D4R4-Ceit/Colomiers"]
[Site "Ceit"]
[Date "2004.01.18"]
[Round "4.6"]
[White "Moiseyev, Vlas"]
[Black "Melchy, Julien"]
[Result "1-0"]
[WhiteElo "1499"]
[BlackElo "1499"]
[EventDate "2004.??.??"]
[PlyCount "123"]

1.e4 e6 2.d4 d5 3.Nc3 Bb4 4.a3 Bxc3+ 5.bxc3 dxe4 6.Qg4 Ne7 7.Qxe4 Nd7 8.
Bd3 Nf6 9.Qh4 b6 10.Ne2 Bb7 11.f3 Qd7 12.O-O h6 13.a4 g5 14.Bxg5 Nfg8 15.
Nf4 hxg5 16.Qxh8 gxf4 17.Qe5 O-O-O 18.Qxf4 Nd5 19.Qd2 Ngf6 20.a5 Qc6 21.c4
Ne7 22.Qg5 Neg8 23.c3 Qd6 24.axb6 axb6 25.Be2 Nd7 26.h4 Ngf6 27.Ra2 Rg8 
28.Qe3 Qg3 29.Qf2 Nh5 30.Qxg3 Nxg3 31.Rf2 Nf6 32.Kh2 Nfh5 33.c5 Nxe2 34.
Rfxe2 bxc5 35.dxc5 Bd5 36.Ra4 Ng3 37.Re5 Kd7 38.Rf4 f5 39.Rd4 Kc8 40.Kh3 
Nh5 41.Kh2 Nf6 42.c4 Nd7 43.Re3 Bb7 44.Rxe6 Nxc5 45.Re5 Nd7 46.Rxf5 Kd8 
47.Rb5 Bc8 48.g4 Ke7 49.Kg3 c6 50.Ra5 Nf6 51.h5 Bd7 52.Kh4 Kf7 53.Ra7 Ke6 
54.g5 c5 55.Rd3 Nxh5 56.Raxd7 Nf4 57.R3d6+ Ke5 58.Rc6 Rh8+ 59.Kg4 Rf8 60.
Re7+ Kd4 61.Re4+ Kd3 62.Rxc5 1-0

[Event "D4R4-Ceit/Colomiers"]
[Site "Ceit"]
[Date "2004.01.18"]
[Round "4.5"]
[White "Dessiriex, Lionel"]
[Black "Artis, Paul"]
[Result "1-0"]
[WhiteElo "1690"]
[BlackElo "1560"]
[EventDate "2004.??.??"]
[PlyCount "71"]

1.e4 c6 2.d4 d5 3.exd5 cxd5 4.Bd3 Nf6 5.c3 e6 6.Bf4 Be7 7.Nf3 Nbd7 8.O-O 
O-O 9.Nbd2 Re8 10.Qc2 Nf8 11.Ne5 Nh5 12.Bg3 Nxg3 13.fxg3 f6 14.Nef3 Bd6 
15.c4 b6 16.Rae1 Bb7 17.Qd1 Rc8 18.b3 e5 19.dxe5 fxe5 20.cxd5 Bxd5 21.Ne4 
Bb4 22.Re2 Nd7 23.Bc4 Bxc4 24.bxc4 Kh8 25.Nfg5 Re7 26.Nf7+ Rxf7 27.Rxf7 
Nc5 28.Qxd8+ Rxd8 29.Nxc5 Bxc5+ 30.Kf1 Kg8 31.Rxa7 Rd1+ 32.Re1 Rd2 33.Rxe5
Rf2+ 34.Ke1 h6 35.Rxc5 Rxg2 36.Rcc7 1-0

[Event "D4R4-Ceit/Colomiers"]
[Site "Ceit"]
[Date "2004.01.18"]
[Round "4.4"]
[White "Blesing, Rene"]
[Black "Rigal, Samy"]
[Result "1-0"]
[WhiteElo "1750"]
[BlackElo "1670"]
[EventDate "2004.??.??"]
[PlyCount "141"]

1.e4 e5 2.Nf3 Nc6 3.d4 exd4 4.Nxd4 Nf6 5.Nxc6 bxc6 6.e5 Nd5 7.c4 Nb6 8.Nc3
Bc5 9.Qg4 Bf8 10.Bg5 Be7 11.Bxe7 Qxe7 12.Qxg7 Rf8 13.Qxh7 Qxe5+ 14.Qe4 
Qxe4+ 15.Nxe4 d5 16.cxd5 cxd5 17.Bb5+ Ke7 18.Nc3 Bb7 19.O-O-O Rfd8 20.
Rhe1+ Kf8 21.b4 a5 22.a3 axb4 23.axb4 Ra3 24.Kb2 Raa8 25.Rd4 c6 26.Be2 
Na4+ 27.Nxa4 Rxa4 28.Ra1 Rxa1 29.Kxa1 Re8 30.Bh5 Re5 31.Bd1 Re1 32.Kb2 Bc8
33.Kc3 Bd7 34.h4 Ke7 35.Kd2 Rh1 36.Ke3 Ke6 37.h5 Ke5 38.f4+ Kf5 39.g4+ Kf6
40.Bf3 Rh3 41.Kf2 Rh2+ 42.Kg3 Ra2 43.g5+ Kg7 44.b5 Be6 45.bxc6 Ra3 46.c7 
Rc3 47.c8=Q Bxc8 48.Kf2 Rc4 49.Ke3 Be6 50.Bxd5 Rc3+ 51.Ke4 Bg4 52.h6+ Kh7 
53.Bxf7 Bf3+ 54.Ke5 Rc5+ 55.Kf6 Rc6+ 56.Ke7 Bg4 57.Rd6 Rc8 58.Bg6+ Kh8 59.
Rd8+ Rxd8 60.Kxd8 Be6 61.Ke7 Bg8 62.f5 Bd5 63.f6 Bg8 64.f7 Bxf7 65.Bxf7 
Kh7 66.Bh5 Kh8 67.g6 Kg8 68.Kf6 Kh8 69.Be2 Kg8 70.Bc4+ Kh8 71.g7+ 1-0

[Event "D4R4-Ceit/Colomiers"]
[Site "Ceit"]
[Date "2004.01.18"]
[Round "4.3"]
[White "Viatge, Fabrice"]
[Black "Artis, Francois"]
[Result "0-1"]
[WhiteElo "1700"]
[BlackElo "1670"]
[EventDate "2004.??.??"]
[PlyCount "48"]

1.d4 Nf6 2.Bg5 c5 3.e3 Qb6 4.b3 Ne4 5.Bf4 g5 6.Be5 Rg8 7.Bc4 e6 8.d5 Qa5+ 
9.c3 d6 10.Qd3 dxe5 11.Qxe4 Bg7 12.Ne2 f5 13.Qc2 b5 14.dxe6 bxc4 15.bxc4 
Bxe6 16.Qd3 Nd7 17.O-O Kf7 18.Rd1 Rgd8 19.Nd2 Bf6 20.e4 f4 21.g3 Nb6 22.
Qf3 g4 23.Qg2 Rxd2 24.Rxd2 f3 0-1

[Event "D4R4-Ceit/Colomiers"]
[Site "Ceit"]
[Date "2004.01.18"]
[Round "4.2"]
[White "Alladaye, Rene"]
[Black "Lafuma, Antoine"]
[Result "1-0"]
[WhiteElo "1730"]
[BlackElo "1670"]
[EventDate "2004.??.??"]
[PlyCount "97"]

1.Nf3 d5 2.g3 Nf6 3.Bg2 Bf5 4.d3 e6 5.O-O Nbd7 6.Bf4 c6 7.Nbd2 Bc5 8.h3 
O-O 9.c3 Qe7 10.d4 Bd6 11.Bxd6 Qxd6 12.Nh4 Bg6 13.Nxg6 fxg6 14.Qb3 Nb6 15.
e4 dxe4 16.Nxe4 Nxe4 17.Bxe4 Kh8 18.Rae1 Rae8 19.Kg2 e5 20.Rd1 Qe6 21.Qxe6
Rxe6 22.d5 cxd5 23.Bxd5 Nxd5 24.Rxd5 Rfe8 25.Rfd1 Kg8 26.Rd7 R6e7 27.Kf3 
Kf7 28.Ke4 Kf6 29.R1d6+ Kf7 30.Rd5 Kf6 31.R5d6+ Kf7 32.h4 h6 33.g4 g5 34.
h5 Rxd7 35.Rxd7+ Re7 36.Rxe7+ Kxe7 37.Kxe5 Kd7 38.Kf5 Ke7 39.Kg6 Kf8 40.a4
b6 41.b3 a6 42.b4 b5 43.axb5 axb5 44.f3 Ke7 45.Kxg7 Ke6 46.Kxh6 Kf6 47.Kh7
Kf7 48.h6 Kf8 49.Kg6 1-0

[Event "D4R4-Ceit/Colomiers"]
[Site "Ceit"]
[Date "2004.01.18"]
[Round "4.1"]
[White "Broc, Alain"]
[Black "Hantisse, Alain"]
[Result "0-1"]
[WhiteElo "1800"]
[BlackElo "1870"]
[EventDate "2004.??.??"]
[PlyCount "62"]

1.e4 c6 2.d4 d5 3.exd5 cxd5 4.Bd3 Nc6 5.c3 Nf6 6.Bf4 Bg4 7.Qb3 Qd7 8.Nd2 
e6 9.Ngf3 Bxf3 10.Nxf3 a6 11.O-O Nh5 12.Bg3 Nxg3 13.hxg3 Bd6 14.Rfe1 Rc8 
15.Re2 O-O 16.Rae1 h6 17.Bb1 Be7 18.Ne5 Nxe5 19.Rxe5 Rc6 20.Qc2 g6 21.Rh5 
Kg7 22.Rhe5 Bf6 23.Rh5 Bxd4 24.Rh4 Bc5 25.Rg4 f5 26.Rf4 Qc7 27.Rf3 e5 28.
g4 e4 29.Rh3 fxg4 30.Rg3 Qxg3 31.Rf1 Rcf6 0-1

[Event "ronde 4 "]
[Site "Albi"]
[Date "2004.01.18"]
[Round "?"]
[White "Desquines"]
[Black "Serres, Olivier"]
[Result "1-0"]
[WhiteElo "1499"]
[BlackElo "1650"]
[EventDate "2004.01.18"]
[PlyCount "117"]
[WhiteTeam "Millau"]
[BlackTeam "Blaye les Mines"]

1.g3 e5 2.Bg2 Bc5 3.e3 d6 4.Ne2 Nc6 5.c3 Bg4 6.O-O Qd7 7.f3 Bh3 8.d4 Bxg2 
9.Kxg2 Bb6 10.d5 Nce7 11.e4 f5 12.Qd3 h5 13.Be3 Bxe3 14.Qxe3 h4 15.Kf2 
hxg3+ 16.hxg3 Nf6 17.Ke1 fxe4 18.fxe4 Qg4 19.Nd2 Qg6 20.Kd1 Ng4 21.Qd3 
O-O-O 22.Kc2 Qh6 23.Kb3 Rdf8 24.Rf3 Rf6 25.Raf1 Rhf8 26.Rxf6 gxf6 27.Nf3 
f5 28.Nh4 f4 29.Ng1 Nf6 30.Nf5 Nxf5 31.exf5 fxg3 32.Qxg3 Nxd5 33.Qd3 Nf4 
34.Qe3 Qg5 35.Ne2 Rxf5 36.Rg1 Qd8 37.Nxf4 Rxf4 38.Qxa7 Rf7 39.Qa8+ Kd7 40.
Qxb7 Qc8 41.Qb5+ c6 42.Qc4 Qb7+ 43.Kc2 Rf2+ 44.Kd3 Rf3+ 45.Ke2 Re3+ 46.Kd1
d5 47.Qc5 Rd3+ 48.Kc2 Qa6 49.Rg7+ Ke6 50.Qe7+ Kf5 51.Qg5+ Ke4 52.Qg4+ Ke3 
53.Qg3+ Ke4 54.Rg4+ Kf5 55.Rg5+ Ke6 56.Qxe5+ Kd7 57.Rg7+ Kd8 58.Qe7+ Kc8 
59.Qc7# 1-0

[Event "REG 1 R4 Luchon/Loures"]
[Site "?"]
[Date "2004.01.18"]
[Round "4"]
[White "Breton, Yves"]
[Black "Oriot, Patrice"]
[Result "0-1"]
[WhiteElo "1880"]
[BlackElo "2050"]
[EventDate "2004.01.18"]
[PlyCount "111"]

1.b3 e5 2.Bb2 Nc6 3.e3 Nf6 4.Bb5 Bd6 5.Ne2 a6 6.Bxc6 dxc6 7.Nbc3 Bf5 8.d3 
Qe7 9.e4 Bg6 10.Ng3 O-O-O 11.Qf3 Kb8 12.Nf5 Bxf5 13.Qxf5 Ba3 14.O-O-O Rhe8
15.Rd2 Bb4 16.Re2 Qc5 17.Nd1 Rxd3 18.Kb1 Rd2 19.Rxd2 Bxd2 20.g4 Qd6 21.g5 
Nd7 22.Qxf7 Qe7 23.Qxe7 Rxe7 24.Bc1 Bxc1 25.Kxc1 Nc5 26.f3 Rf7 27.g6 hxg6 
28.Rg1 Rxf3 29.Rxg6 Nxe4 30.Kb2 Rh3 31.Rxg7 Rxh2 32.Re7 Rh5 33.Ne3 Nd6 34.
Ng4 e4 35.Nf6 Rh4 36.Nd7+ Ka7 37.Nc5 Kb8 38.Nd7+ Kc8 39.Nc5 Kd8 40.Re5 a5 
41.a4 b6 42.Ne6+ Kc8 43.Nd4 Kd7 44.Kc3 c5 45.Ne2 Nf7 46.Rf5 Ke6 47.Rf1 
Rh3+ 48.Kd2 Rh2 49.Ke3 Nd6 50.Nf4+ Kd7 51.Rc1 Ke7 52.Nd5+ Ke6 53.Nf4+ Kf5 
54.Ne2 Ke5 55.Rg1 Nf5+ 56.Kd2 0-1

[Event "R5N3 Echiquier Tlousain / Tournefeuille"]
[Site "?"]
[Date "2004.01.18"]
[Round "5"]
[White "Siames"]
[Black "Touron"]
[Result "1/2-1/2"]
[WhiteElo "1940"]
[BlackElo "1730"]
[EventDate "2004.??.??"]
[PlyCount "91"]

1.e4 d5 2.exd5 Qxd5 3.Nc3 Qa5 4.Nf3 Bf5 5.Bb5+ c6 6.Be2 Nf6 7.O-O Nbd7 8.
Nh4 Bg6 9.d3 e6 10.Bd2 Qc7 11.a3 Be7 12.Bg5 Ng4 13.Bxg4 Bxg5 14.Nf3 Be7 
15.g3 O-O 16.Bh3 Rad8 17.Qe2 Bf6 18.Rab1 Rfe8 19.Ne4 Be7 20.Rfe1 Nf6 21.
Nxf6+ Bxf6 22.Ne5 Bxe5 23.Qxe5 Qxe5 24.Rxe5 Rd5 25.Rbe1 Red8 26.f4 Rxe5 
27.Rxe5 Rd5 28.Kf2 Kf8 29.Ke3 Rxe5+ 30.fxe5 Ke7 31.b4 f6 32.Kd4 Kd7 33.c4 
b6 34.a4 a6 35.exf6 gxf6 36.a5 bxa5 37.bxa5 Kd6 38.Bg2 e5+ 39.Kc3 Kc5 40.
g4 h5 41.h3 hxg4 42.hxg4 Bf7 43.Be4 Be6 44.Bf5 Bxf5 45.gxf5 Kd6 46.d4 
1/2-1/2

[Event "R5N3 Echiquier Tlousain / Tournefeuille"]
[Site "?"]
[Date "2004.01.18"]
[Round "5"]
[White "Sakri, abdelhak"]
[Black "Casella, laurent"]
[Result "1-0"]
[WhiteElo "2016"]
[BlackElo "2100"]
[EventDate "2004.??.??"]
[PlyCount "151"]

1.d4 Nf6 2.c4 g6 3.Nc3 Bg7 4.e4 d6 5.f3 O-O 6.Be2 e5 7.d5 c6 8.Be3 cxd5 9.
cxd5 a6 10.Rc1 Nh5 11.Na4 Nd7 12.Nh3 b5 13.Nc3 Nb6 14.Nf2 f5 15.O-O f4 16.
Bxb6 Qxb6 17.a4 Bd7 18.Qb3 Nf6 19.axb5 axb5 20.Ra1 b4 21.Na2 Rfb8 22.Kh1 
Ba4 23.Qc4 Nd7 24.b3 Rc8 25.Qxb4 Qxb4 26.Nxb4 Bxb3 27.Nc6 Bf8 28.Ba6 Rc7 
29.Nd3 Bc2 30.Ndb4 Nc5 31.Nxc2 Rxa6 32.Rxa6 Nxa6 33.Rb1 Nc5 34.Na3 Rb7 35.
Rxb7 Nxb7 36.Nc4 Kf7 37.N4a5 Nxa5 38.Nxa5 Ke8 39.h3 Kd7 40.Kh2 Be7 41.Nc4 
Bh4 42.Kg1 Be1 43.Kf1 Bb4 44.Ke2 Kc7 45.Kd3 Kb7 46.Nb2 Ka6 47.Kc4 Ka5 48.
Nd3 Bd2 49.Nxe5 dxe5 50.Kc5 Bb4+ 51.Kc6 Be7 52.Kd7 Bg5 53.Ke6 Kb6 54.Kxe5 
Kc7 55.Ke6 Kd8 56.Kf7 Be7 57.Kg7 Kd7 58.Kxh7 g5 59.Kg6 Kd6 60.Kf5 Bd8 61.
h4 gxh4 62.Kxf4 Bf6 63.Kf5 Bd8 64.f4 Be7 65.Kg4 Bd8 66.Kf3 Kc5 67.Kg4 Kd4 
68.Kf5 Ke3 69.e5 Kf2 70.d6 Kxg2 71.e6 h3 72.e7 Ba5 73.e8=Q h2 74.Qa8+ Kg1 
75.Qxa5 h1=Q 76.Qa1+ 1-0

[Event "R5N3 Echiquier Tlousain / Tournefeuille"]
[Site "?"]
[Date "2004.01.18"]
[Round "5"]
[White "Robichon"]
[Black "Laurain"]
[Result "0-1"]
[WhiteElo "1860"]
[BlackElo "2060"]
[EventDate "2004.??.??"]
[PlyCount "68"]

1.d4 Nf6 2.c4 g6 3.Nc3 d5 4.cxd5 Nxd5 5.e4 Nxc3 6.bxc3 Bg7 7.Bc4 O-O 8.Ne2
c5 9.O-O Nc6 10.Be3 Qc7 11.Rc1 Na5 12.Bd3 Rd8 13.f4 e6 14.Qe1 f5 15.Qf2 b6
16.Bb1 Ba6 17.dxc5 bxc5 18.Rfe1 Bf8 19.exf5 exf5 20.a4 Bc4 21.Ng3 Rac8 22.
h4 Bf7 23.Qe2 Nc4 24.Ba2 Nxe3 25.Bxf7+ Qxf7 26.Qxe3 c4 27.Kh2 Re8 28.Qf3 
Rcd8 29.Red1 Qf6 30.h5 Bc5 31.Kh3 Be7 32.Kh2 Qh4+ 33.Kg1 Bc5+ 34.Kf1 Qh2 
0-1

[Event "R5N3 Echiquier Tlousain / Tournefeuille"]
[Site "?"]
[Date "2004.01.18"]
[Round "5"]
[White "Lemeaux, David"]
[Black "Fournier"]
[Result "1-0"]
[WhiteElo "2169"]
[BlackElo "2095"]
[EventDate "2004.??.??"]
[PlyCount "53"]

1.e4 c6 2.d4 d5 3.Nc3 dxe4 4.Nxe4 Nd7 5.Nf3 Ngf6 6.Ng3 e6 7.Bd3 Bd6 8.O-O 
O-O 9.Re1 Qc7 10.Qe2 c5 11.c3 b6 12.Bg5 Bb7 13.Ne5 Be7 14.Rad1 cxd4 15.
cxd4 Bd5 16.Bb1 Qb7 17.Nxd7 Qxd7 18.Nh5 Nxh5 19.Bxe7 Rfe8 20.Bxh7+ Kxh7 
21.Qxh5+ Kg8 22.Bf6 gxf6 23.Qh6 Qa4 24.Rd3 Qc2 25.Rh3 Qh7 26.Qxh7+ Kf8 27.
Rh6 1-0

[Event "R5N3 Echiquier Tlousain / Tournefeuille"]
[Site "?"]
[Date "2004.01.18"]
[Round "5"]
[White "Juglard, Eric"]
[Black "Garrel"]
[Result "1/2-1/2"]
[WhiteElo "2172"]
[BlackElo "2152"]
[EventDate "2004.??.??"]
[PlyCount "92"]

1.d4 d6 2.Nc3 Nf6 3.Bg5 Nbd7 4.e4 e5 5.f4 h6 6.Bxf6 Qxf6 7.Nf3 Qxf4 8.Be2 
c6 9.O-O Be7 10.Kh1 Qe3 11.a4 exd4 12.Nxd4 Ne5 13.Ra3 Ng4 14.Nd5 cxd5 15.
Bb5+ Kf8 16.Rxe3 Nxe3 17.Rxf7+ Kxf7 18.Qf3+ Bf6 19.Qxe3 a6 20.Bd3 Re8 21.
Qf3 Kg8 22.c3 Bd7 23.g3 Bxa4 24.exd5 Bxd4 25.cxd4 Re1+ 26.Kg2 Rf8 27.Bh7+ 
Kxh7 28.Qxf8 Re2+ 29.Kg1 Rd2 30.Qf5+ Kh8 31.Qc8+ Kh7 32.Qxb7 Rxd4 33.Qxa6 
Bb3 34.Qxd6 Rxd5 35.Qb4 Rd1+ 36.Kf2 Bf7 37.h4 Rd5 38.g4 Kg8 39.Qf4 Rd7 40.
g5 hxg5 41.hxg5 g6 42.b4 Rd5 43.Qe3 Kf8 44.Kg3 Be8 45.Kh4 Bd7 46.Kg3 Bb5 
1/2-1/2

[Event "R5N3 Echiquier Tlousain / Tournefeuille"]
[Site "?"]
[Date "2004.01.18"]
[Round "5"]
[White "Genestous, Patrick"]
[Black "Hariri"]
[Result "1/2-1/2"]
[WhiteElo "2119"]
[BlackElo "1899"]
[EventDate "2004.??.??"]
[PlyCount "73"]

1.d4 Nf6 2.c3 g6 3.Bg5 Bg7 4.Nd2 d6 5.e4 Nbd7 6.f4 e5 7.Ngf3 h6 8.Bh4 Qe7 
9.Qe2 b5 10.Bxf6 Bxf6 11.fxe5 dxe5 12.Qxb5 Rb8 13.Qa5 exd4 14.cxd4 Rxb2 
15.Qxc7 O-O 16.Qc3 Rb4 17.a3 Rb8 18.Bd3 Nc5 19.O-O Nxd3 20.Qxd3 Rd8 21.
Rab1 Rxb1 22.Rxb1 Qd6 23.Rb4 a5 24.Ra4 Ba6 25.Qc3 Rc8 26.Qxa5 Qf4 27.Kf2 
Bg5 28.g3 Qe3+ 29.Kg2 Qe2+ 30.Kh3 Rc6 31.Qe5 Bc8+ 32.g4 Rc3 33.Ra8 Rxf3+ 
34.Nxf3 Qxf3+ 35.Qg3 Qf1+ 36.Qg2 Qd3+ 37.Qg3 1/2-1/2

[Event "R5N3 Echiquier Tlousain / Tournefeuille"]
[Site "?"]
[Date "2004.01.18"]
[Round "5"]
[White "Dezaele, Christophe"]
[Black "Aguire"]
[Result "1/2-1/2"]
[WhiteElo "2136"]
[BlackElo "2198"]
[EventDate "2004.??.??"]
[PlyCount "33"]

1.d4 d5 2.c4 c6 3.Nf3 Nf6 4.Nc3 dxc4 5.a4 Bf5 6.Ne5 Nbd7 7.Nxc4 Nb6 8.Ne5 
a5 9.f3 Nfd7 10.Nxd7 Nxd7 11.e4 Bg6 12.Be3 e6 13.Bc4 Bb4 14.O-O O-O 15.Qe2
Qe7 16.Rac1 Rac8 17.Kh1 1/2-1/2

[Event "R5N3 Echiquier Tlousain / Tournefeuille"]
[Site "?"]
[Date "2004.01.18"]
[Round "5"]
[White "Daloz"]
[Black "Lebon"]
[Result "1-0"]
[WhiteElo "2171"]
[BlackElo "2010"]
[EventDate "2004.??.??"]
[PlyCount "71"]

1.d4 Nf6 2.c4 c5 3.d5 e6 4.Nc3 exd5 5.cxd5 d6 6.e4 g6 7.Nf3 Bg7 8.Bd3 O-O 
9.h3 a6 10.a4 Nbd7 11.O-O Re8 12.Bf4 Qc7 13.Re1 Nh5 14.Bg5 Rb8 15.g4 Nhf6 
16.Bc4 h6 17.Bf4 Nh7 18.Qd2 g5 19.Bg3 Nhf8 20.e5 Nxe5 21.Nxe5 dxe5 22.Qd3 
Bd7 23.d6 Qc6 24.Bd5 Qc8 25.Qc4 Ne6 26.Bxe5 b5 27.axb5 axb5 28.Qa2 c4 29.
Qa7 Nc5 30.Bxg7 Kxg7 31.Rxe8 Bxe8 32.Re1 Nd7 33.Re7 Qd8 34.Bxf7 Bxf7 35.
Rxd7 Qe8 36.Rxf7+ 1-0

[Event "R2N3 Figeac - L'Union"]
[Site "Figeac"]
[Date "2004.01.18"]
[Round "3.4"]
[White "Delerue, Thomas"]
[Black "Hegray, Charlie"]
[Result "0-1"]
[WhiteElo "1499"]
[BlackElo "1280"]
[EventDate "2004.??.??"]
[PlyCount "80"]

1.d4 d5 2.g3 Nf6 3.Bg2 Bf5 4.Nf3 Nc6 5.Qd2 h6 6.a3 Qd7 7.Qc3 Ne4 8.Qb3 f6 
9.Nbd2 Na5 10.Qb4 b6 11.Nxe4 Bxe4 12.Qc3 g5 13.b4 Nc4 14.Qb3 Bg7 15.O-O 
O-O 16.Rd1 a5 17.Bb2 a4 18.Qc3 Nxb2 19.Qxb2 c5 20.dxc5 bxc5 21.Nd2 f5 22.
c3 Bxg2 23.Kxg2 d4 24.cxd4 Bxd4 25.Qa2+ Rf7 26.Nf3 Qb7 27.Rac1 g4 28.Rd3 
e5 29.bxc5 Rc8 30.Kf1 gxf3 31.Rxf3 Kg7 32.Qe6 Rc6 33.Qe8 e4 34.Rxf5 Rxf5 
35.Qxe4 Rxf2+ 36.Ke1 Qb2 37.Rc4 Qa1+ 38.Kd2 Qb2+ 39.Ke1 Rcf6 40.Qe7+ Rf7 
0-1

[Event "R2N3 Figeac - L'Union"]
[Site "Figeac"]
[Date "2004.01.18"]
[Round "3.3"]
[White "Rouqual, Olivier"]
[Black "Raulin, Dimitri"]
[Result "1-0"]
[WhiteElo "1380"]
[BlackElo "1399"]
[EventDate "2004.??.??"]
[PlyCount "71"]

1.e4 c6 2.Nf3 d5 3.exd5 cxd5 4.d4 Nc6 5.Bb5 Bd7 6.O-O a6 7.Ba4 Qc7 8.Nc3 
e6 9.Re1 O-O-O 10.g3 h6 11.Bf4 Bd6 12.Bxd6 Qxd6 13.Bxc6 Bxc6 14.Ne5 Qc7 
15.Qf3 Nf6 16.h4 Rhf8 17.Ng4 Nxg4 18.Qxg4 Rg8 19.Re5 f6 20.Rxe6 Bd7 21.
Nxd5 Bxe6 22.Qxe6+ Qd7 23.Nb6+ Kc7 24.Nxd7 Rge8 25.Qf7 Re2 26.Nxf6+ Kd6 
27.Qd5+ Kc7 28.Qc4+ Kb8 29.Qxe2 gxf6 30.Re1 Rxd4 31.Qe8+ Kc7 32.Re7+ Kb6 
33.Re6+ Ka5 34.a3 b5 35.b3 b4 36.Qa4# 1-0

[Event "R2N3 Figeac - L'Union"]
[Site "Figeac"]
[Date "2004.01.18"]
[Round "3.2"]
[White "Ivanoff, Dimitri"]
[Black "Hegray, Romain"]
[Result "0-1"]
[WhiteElo "1440"]
[BlackElo "1600"]
[EventDate "2004.??.??"]
[PlyCount "104"]

1.d4 d5 2.e3 Bf5 3.Nf3 Nf6 4.c4 e6 5.c5 c6 6.Nbd2 Be7 7.Nh4 Bg4 8.Be2 Bxe2
9.Qxe2 O-O 10.Nhf3 Nbd7 11.e4 dxe4 12.Nxe4 Nxe4 13.Qxe4 Nf6 14.Qd3 Bxc5 
15.O-O Qd5 16.Qc3 Bb6 17.Be3 Ng4 18.Rad1 Nxe3 19.fxe3 Qxa2 20.Qc2 Qd5 21.
Ne5 f6 22.Ng4 Qg5 23.Qe2 Bc7 24.h3 f5 25.Ne5 Bxe5 26.dxe5 Rad8 27.Rxd8 
Rxd8 28.Rf4 Qg3 29.Rd4 Rxd4 30.exd4 Qb3 31.Kh2 Qd5 32.Qh5 Qd7 33.b4 h6 34.
Qh4 a6 35.Qf2 Qd5 36.Qb2 b6 37.Qc3 a5 38.bxa5 bxa5 39.Qb2 Kh7 40.h4 c5 41.
dxc5 Qxc5 42.h5 Qb4 43.Qc2 Qh4+ 44.Kg1 Qe1+ 45.Kh2 Qxe5+ 46.g3 Qe4 47.Qa2 
a4 48.Qb2 f4 49.g4 f3 50.Kg3 e5 51.Qa2 Qf4+ 52.Kh4 e4 0-1

[Event "R2N3 Figeac - L'Union"]
[Site "Figeac"]
[Date "2004.01.18"]
[Round "3.1"]
[White "Luis, Henri"]
[Black "Perroux, Jacques"]
[Result "1/2-1/2"]
[WhiteElo "1740"]
[BlackElo "1690"]
[EventDate "2004.??.??"]
[PlyCount "73"]

1.b4 e5 2.Bb2 d6 3.Nf3 Nf6 4.c4 b6 5.d4 exd4 6.Nxd4 d5 7.Qb3 dxc4 8.Qxc4 
Bb7 9.e3 Nbd7 10.Nc6 Bxc6 11.Qxc6 Bxb4+ 12.Nc3 O-O 13.Be2 Bd6 14.O-O Ne5 
15.Qa4 Qd7 16.Qxd7 Nexd7 17.Nb5 Ne8 18.Rfd1 a6 19.Nxc7 Bxc7 20.Rxd7 Ra7 
21.Rad1 Nf6 22.Bxf6 gxf6 23.Re7 Bxh2+ 24.Kxh2 Rxe7 25.Bxa6 Kg7 26.Rd4 Rb8 
27.a4 Re6 28.Rg4+ Kh8 29.Bc4 Re7 30.Rh4 Rg8 31.Bd3 Rg7 32.Rf4 Re6 33.Rd4 
Rg8 34.Bc4 Re7 35.Rd6 Kg7 36.Rxb6 Ra7 37.Bb5 1/2-1/2